[Event "Reykjavik Open"]
[Site "Reykjavik ISL"]
[Date "2012.03.11"]
[Round "7.13"]
[White "Johannesson,I"]
[Black "Ipatov,Alexander"]
[Result "0-1"]
[WhiteElo "2331"]
[BlackElo "2561"]

1.Nf3 Nf6 2.c4 g6 3.g3 Bg7 4.Bg2 O-O 5.Nc3 d5 6.cxd5 Nxd5 7.O-O c5 8.Nxd5 Qxd5
9.d3 Nc6 10.Be3 Qd7 11.Rb1 b6 12.d4 Rd8 13.dxc5 Qg4 14.Nd2 Bb7 15.cxb6 axb6
16.Bf3 Qf5 17.a3 b5 18.Qe1 Rac8 19.Nb3 Ba8 20.Nc5 Ne5 21.Bxa8 Rxa8 22.Qb4 Ng4
23.Nd3 Qh5 24.h4 Nxe3 25.fxe3 Qxe2 26.Nf2 Qxe3 27.Kg2 Be5 28.Qg4 Rd2 29.Rbe1 Rxf2+
30.Rxf2 Qxe1 31.Re2 Qxg3+ 32.Qxg3 Bxg3 33.Kxg3 e6 34.Re3 Rd8 35.Rb3 Rd5 36.Rb4 Kg7
37.b3 Kf6 38.a4 bxa4 39.bxa4 Rd3+  0-1

[Event "ch-CZE U20 2012"]
[Site "Kouty nad Desnou CZE"]
[Date "2012.03.12"]
[Round "5"]
[White "Vlasak,Lu"]
[Black "Balacek,T"]
[Result "1-0"]
[WhiteElo "2270"]
[BlackElo "2221"]

1.Nf3 Nf6 2.g3 g6 3.Bg2 Bg7 4.c4 O-O 5.Nc3 d6 6.O-O e5 7.d3 Nc6 8.Rb1 h6
9.b4 Be6 10.b5 Ne7 11.Bb2 Qd7 12.Re1 Nh7 13.Nd2 c6 14.bxc6 bxc6 15.Qa4 f5
16.Ba1 Ng5 17.f4 exf4 18.gxf4 Nf7 19.e3 g5 20.Ne2 Bxa1 21.Rxa1 Rab8 22.Nb3 c5
23.Qa5 Rb4 24.Qa3 Nd8 25.Rad1 Ng6 26.Nd2 Qg7 27.Kf2 Re8 28.Rb1 Rxb1 29.Rxb1 Bf7
30.Nf3 Ne6 31.Qc1 Kh8 32.Rb7 gxf4 33.exf4 Nd4 34.Nfxd4 cxd4 35.Bd5 Re7 36.Rxe7 Nxe7
37.Bxf7 Qxf7 38.Nxd4 Qh5 39.Nf3 Qe8 40.Qb2+ Kh7 41.Qf6 Qd8 42.Nd4  1-0

[Event "Reykjavik Open"]
[Site "Reykjavik ISL"]
[Date "2012.03.13"]
[Round "9.62"]
[White "Fivelstad,Jon Olav"]
[Black "Bjarnason,S"]
[Result "1/2-1/2"]
[WhiteElo "1879"]
[BlackElo "2092"]

1.c4 Nf6 2.Nf3 g6 3.g3 Bg7 4.Bg2 O-O 5.O-O d6 6.d4 Nbd7 7.Nc3 e5 8.dxe5 dxe5
9.Qc2 c6 10.b3 Re8 11.Rd1 Qc7 12.Ba3 Bf8 13.Bxf8 Nxf8 14.Ng5 Bf5 15.Nge4 Bxe4
16.Bxe4 Ne6 17.e3 Rad8 18.Rxd8 Rxd8 19.Rd1 Kf8 20.b4 Ke7 21.Kf1 a5 22.a3 axb4
23.axb4 Qb6 24.Rxd8 Kxd8 25.Qa4 Ke7 26.Ke2 Nd7 27.c5 Qc7 28.Qa7 Qb8 29.Qxb8 Nxb8
30.Bd3 f5 31.h4 Nc7 32.Bc4 Nba6 33.Na2 Kf6 34.Kd3 h6 35.Kc3 Nb8 36.Nc1 Nd7
37.Nb3 b6 38.cxb6 Nxb6 39.Na5 Nb5+ 40.Kb3 Na7 41.Be2 g5 42.Ba6 Ke6 43.hxg5 hxg5
44.Bc4+ Kd7 45.Bd3 Ke6 46.Bc4+  1/2-1/2

[Event "TCh-CAT 2012"]
[Site "Catalunya ESP"]
[Date "2012.03.17"]
[Round "8.6"]
[White "Gardela Batlle,J"]
[Black "Martinez Romero,M"]
[Result "0-1"]
[WhiteElo "2218"]
[BlackElo "2360"]

1.Nf3 Nf6 2.c4 g6 3.g3 Bg7 4.Bg2 O-O 5.O-O c6 6.d3 d6 7.Nc3 e5 8.Rb1 a5 9.c5 Na6
10.Na4 Be6 11.b3 dxc5 12.Ba3 Nd7 13.Rc1 b6 14.Bb2 Qe7 15.Nc3 Rad8 16.Nd2 Nb4
17.Nc4 Nd5 18.Rc2 f5 19.Qa1 Bf7 20.Nd1 Bf6 21.Rc1 b5 22.Nxa5 Ra8 23.b4 Nxb4
24.Nxc6 Nxc6 25.Bxc6 Rxa2 26.Qb1 b4 27.Bxd7 Qxd7 28.Rxc5 Qd6 29.Qc1 Ra6 30.Ne3 Re8
31.Rc8 Ra8 32.Rxe8+ Rxe8 33.Nc4 Qa6 34.Qc2 Rc8 35.Rc1 Bg5 36.Ra1 Qb5 37.Qa4 Qxa4
38.Rxa4 Bxc4 39.dxc4 Rxc4 40.Bxe5 Bd2 41.Ra8+ Kf7 42.Rb8 Ke6 43.f4 Rc2 44.Rb5 Be3+
45.Kf1 Bc5 46.Ke1 Kd5 47.Kd1 Ra2 48.Rb7 Kc4 49.Rxh7 Kb3 50.Rd7 Ra6 51.Rd5 Rc6
52.h3 Ka3 53.Rd3+ Ka2 54.Rd2+ Ka3 55.g4 Be3 56.Bb2+ Kb3 57.Rd3+ Kxb2 58.Rxe3 Rd6+
59.Ke1 b3 60.gxf5 gxf5 61.Re5 Kc2 62.Rxf5 b2 63.Rb5 Rd4 64.Rxb2+ Kxb2 65.e3 Rd3
66.Ke2 Kc3  0-1

[Event "TCh-AUT 2 Ost 2011-12"]
[Site "Vienna AUT"]
[Date "2012.03.18"]
[Round "9"]
[White "Banusz,T"]
[Black "Markos,J"]
[Result "1-0"]
[WhiteElo "2552"]
[BlackElo "2596"]

1.Nf3 Nf6 2.c4 g6 3.g3 Bg7 4.Bg2 O-O 5.O-O d6 6.d4 c6 7.Nc3 Qa5 8.e4 Qh5
9.e5 dxe5 10.Nxe5 Ng4 11.Nf3 Rd8 12.h3 Nf6 13.Ne5 Qxd1 14.Rxd1 Nbd7 15.Be3 Ne8
16.f4 Nd6 17.b3 h5 18.Rac1 Nf5 19.Bf2 Bh6 20.Nxd7 Bxd7 21.d5 h4 22.g4 Ng3
23.Bxg3 hxg3 24.Ne2 e5 25.dxe6 Bxe6 26.Bf3 Bf8 27.Kg2 Ba3 28.Rb1 Bd6 29.Kxg3 Rd7
30.Rd3 Kf8 31.Rbd1 Ke7 32.g5 Bf5 33.Rd4 Bc5 34.Rxd7+ Bxd7 35.Bg4 Bxg4 36.Kxg4 a5
37.Nc3 Bb4 38.Ne4 a4 39.h4 axb3 40.axb3 Ra2 41.h5 gxh5+ 42.Kxh5 Re2 43.Ng3 Rh2+
44.Kg4 Rg2 45.Rd3 b5 46.cxb5 cxb5 47.Kf5 Ba3 48.Ne4 Bb2 49.Nf6 Rc2 50.Rd7+ Kf8
51.Rd8+ Ke7 52.Re8+ Kd6 53.Ne4+ Kd7 54.Rb8  1-0

[Event "13th EICC"]
[Site "Plovdiv BUL"]
[Date "2012.03.20"]
[Round "1.102"]
[White "Pantsulaia,L"]
[Black "Duzhakov,I"]
[Result "1/2-1/2"]
[WhiteElo "2595"]
[BlackElo "2316"]

1.Nf3 Nf6 2.g3 g6 3.Bg2 Bg7 4.c4 O-O 5.O-O d5 6.cxd5 Nxd5 7.d4 Nb6 8.Nc3 Nc6
9.e3 Re8 10.Re1 a5 11.Qe2 e5 12.Nxe5 Nxe5 13.dxe5 Bxe5 14.e4 Be6 15.f4 Bxc3
16.bxc3 Qe7 17.Be3 Nc4 18.Bd4 f6 19.e5 fxe5 20.Bxe5 Nxe5 21.Qxe5 c6 22.a4 Qf8
23.Qd4 Red8 24.Qb6 Bd5 25.Bf1 Qf7 26.Re3 Re8 27.Rae1 Rxe3 28.Rxe3 Re8 29.Rxe8+ Qxe8
30.c4 Bf7 31.Kf2 Qe4 32.Qxa5 Qd4+ 33.Kf3 Bxc4 34.Bxc4+ Qxc4 35.Qa8+ Kg7 36.Qxb7+ Kh6
37.Qe7 Qd3+ 38.Kg2 Qc2+ 39.Kh3 Qf5+ 40.Kg2 Qc2+ 41.Kf3 Qd1+ 42.Kf2 Qc2+ 43.Ke3 Qc3+
44.Ke2 Qc2+ 45.Kf3 Qd1+ 46.Kg2 Qc2+ 47.Kh3 Qf5+ 48.g4 Qxf4 49.g5+ Kh5 50.Qxh7+ Kxg5
51.Qe7+ Kh5  1/2-1/2

[Event "ch-St Petersburg w 2012"]
[Site "St Petersburg RUS"]
[Date "2012.03.21"]
[Round "5"]
[White "Andreeva,Y"]
[Black "Belenkaya,D"]
[Result "0-1"]
[WhiteElo "1965"]
[BlackElo "2229"]

1.Nf3 Nf6 2.c4 g6 3.g3 Bg7 4.Bg2 O-O 5.O-O d5 6.d3 Nc6 7.Nbd2 Re8 8.Rb1 dxc4
9.Nxc4 Nd5 10.a3 h6 11.Ne3 Be6 12.Nc2 Nb6 13.Ne3 a5 14.Bd2 a4 15.Qe1 Bb3
16.Bc3 e5 17.Nd2 Be6 18.Rc1 Nd5 19.Nxd5 Bxd5 20.e4 Be6 21.Qe3 Rc8 22.f4 exf4
23.gxf4 Bd4 24.Bxd4 Qxd4 25.Qxd4 Nxd4 26.Kf2 Red8 27.Ke3 c6 28.Nf3 Nb3 29.Rc3 c5
30.Ne5 Nd4 31.Rfc1 b6 32.Bf3 Rc7 33.Bd1 Ra7 34.Nc4 Rb8 35.Ne5 Kg7 36.Bg4 f6
37.Bxe6 fxe5 38.Bg4 h5 39.Bd1 exf4+ 40.Kxf4 Rf8+ 41.Ke3 Raf7 42.Rc4 Rf2 43.Rxa4 Rxb2
44.Rxd4 cxd4+ 45.Kxd4 Rd8+ 46.Ke3 Rxh2 47.Rc3 Rh3+ 48.Kd2 g5 49.Bb3 g4 50.Be6 Kf6
51.Bf5 Ke5 52.Ke2 Kf4 53.Be6 Re3+ 54.Kd2 g3 55.Bd5 g2 56.Rc1 Rg3 57.Ke2  0-1

[Event "13th EICC"]
[Site "Plovdiv BUL"]
[Date "2012.03.22"]
[Round "3.90"]
[White "Banusz,T"]
[Black "Braun,Christi2"]
[Result "1-0"]
[WhiteElo "2583"]
[BlackElo "2372"]

1.Nf3 Nf6 2.c4 g6 3.g3 Bg7 4.Bg2 O-O 5.O-O d6 6.d4 Nc6 7.Nc3 a6 8.d5 Na5
9.Nd2 c5 10.Rb1 Rb8 11.b3 b5 12.Bb2 bxc4 13.bxc4 Bh6 14.Ba1 Rxb1 15.Ncxb1 Qb6
16.Bc3 Bd7 17.Na3 Rb8 18.Qa1 Qd8 19.e4 Ng4 20.h3 Nf6 21.f4 Nh5 22.Kh2 Bg7
23.e5 f5 24.Bf3 Be8 25.Bxh5 gxh5 26.e6 Bxc3 27.Qxc3 Rb4 28.g4 hxg4 29.hxg4 fxg4
30.f5 Rb7 31.Ne4 Qb6 32.Rf2  1-0

[Event "ch-VIE Men KO 2012"]
[Site "Can Tho VIE"]
[Date "2012.03.26"]
[Round "1.2"]
[White "Nguyen Van Huy"]
[Black "Cao,S"]
[Result "1/2-1/2"]
[WhiteElo "2485"]
[BlackElo "2526"]

1.Nf3 Nf6 2.c4 g6 3.g3 Bg7 4.Bg2 O-O 5.O-O Nc6 6.Nc3 d6 7.Rb1 a5 8.a3 e5
9.d3 h6 10.b4 axb4 11.axb4 Be6 12.b5 Ne7 13.Bb2 Nd7 14.Ne1 c6 15.Nc2 d5 16.bxc6 bxc6
17.cxd5 cxd5 18.Ba3 Nf6 19.e4 d4 20.Nd5 Nfxd5 21.exd5 Nxd5 22.Bxf8 Qxf8 23.Qd2 Rc8
24.Rb5 Nc3 25.Ra5 Bf5 26.Rfa1 Kh7 27.Ra8 e4 28.Rxc8 Qxc8 29.Ne1 e3 30.Qb2 Qe6
31.Kh1 Qf6 32.f4 g5 33.Qb8 gxf4 34.Qxf4 Bg6 35.Qxf6 Bxf6 36.Ra6 Kg7 37.Bf3 Bf5
38.Kg2 Be6 39.Ra5 Bd8 40.Ra8 Bf6 41.Ra5 Bb3 42.Kf1 Be7 43.Ra7 Bf6 44.Ra5 Be7
45.Ra7  1/2-1/2

[Event "ch-VIE Women KO 2012"]
[Site "Can Tho VIE"]
[Date "2012.03.28"]
[Round "2.2"]
[White "Pham Le Thao Nguyen"]
[Black "Pham Bich Ngoc"]
[Result "1-0"]
[WhiteElo "2351"]
[BlackElo "2155"]

1.Nf3 Nf6 2.c4 g6 3.g3 Bg7 4.Bg2 O-O 5.O-O d6 6.Nc3 Nc6 7.d3 e5 8.Rb1 h6
9.b4 Be6 10.b5 Ne7 11.a4 c6 12.Ba3 Ne8 13.Qc2 f5 14.Nd2 Rf7 15.Nb3 f4 16.bxc6 bxc6
17.Ne4 g5 18.Rfd1 Nf5 19.Bb2 Nd4 20.Bxd4 exd4 21.Ned2 Rc8 22.c5 g4 23.cxd6 Nxd6
24.Nc5 Bd5 25.Nce4 Nf5 26.Rb2 fxg3 27.hxg3 h5 28.Nf1 h4 29.Rdb1 Be5 30.Rb7 Bc7
31.Qd2 Rg7 32.Rxa7 hxg3 33.fxg3 Bxe4 34.Bxe4 Nxg3 35.Nxg3 Qh4 36.Nf1 Rf8
37.e3 g3 38.Rxc7 Rxc7 39.exd4 g2 40.Nh2 Rcf7 41.Bxg2 Qxd4+ 42.Kh1 Qxa4 43.Be4 Rg7
44.Qc3 Qa7 45.Qxc6 Qf2 46.Qe6+ Kh8 47.Qh3+ Kg8 48.Bd5+ Rgf7 49.Rg1+  1-0

[Event "ch-SRB Women 2012"]
[Site "Kac SRB"]
[Date "2012.03.28"]
[Round "7"]
[White "Nonkovic,B"]
[Black "Stojanovic,Andj"]
[Result "0-1"]
[WhiteElo "1900"]
[BlackElo "2324"]

1.Nf3 Nf6 2.c4 g6 3.g3 Bg7 4.Bg2 O-O 5.O-O d5 6.cxd5 Nxd5 7.d4 Nb6 8.Nc3 Nc6
9.d5 Na5 10.Bf4 c6 11.dxc6 Qxd1 12.Rfxd1 Nxc6 13.Rac1 e5 14.Be3 Nc4 15.Bc5 Nxb2
16.Rd2 Nc4 17.Rdd1 Nb2 18.Rd2 Nc4 19.Rdd1 Rd8 20.Rxd8+ Nxd8 21.Nd5 Be6 22.Nc7 Rc8
23.Nxe6 Nxe6 24.Bxa7 b5 25.Nd2 Bh6 26.e3 Nd4 27.Bf1 Nc6 28.Bb6 Nxb6 29.Bxb5 Na7
30.Rxc8+ Nbxc8 31.Bc4 Nb6 32.Bb3 Bf8 33.Ne4 Be7 34.a4 Kg7 35.a5 Nd7 36.Nd2 Bb4
37.Nc4 Nc5 38.Bd1 Nc6  0-1

[Event "13th EICC"]
[Site "Plovdiv BUL"]
[Date "2012.03.28"]
[Round "8.129"]
[White "Valsecchi,A"]
[Black "Hristodoulou,P"]
[Result "0-1"]
[WhiteElo "2429"]
[BlackElo "2203"]

1.Nf3 Nf6 2.c4 g6 3.g3 Bg7 4.Bg2 O-O 5.O-O d6 6.d4 Nc6 7.Nc3 a6 8.h3 Bd7
9.e4 e5 10.Re1 exd4 11.Nxd4 Re8 12.Be3 Ne5 13.b3 c5 14.Nde2 b5 15.f4 Nc6
16.Qxd6 b4 17.e5 bxc3 18.Nxc3 Re6 19.Qd2 Nxe5 20.fxe5 Rxe5 21.Rad1 Rc8 22.Rf1 Qa5
23.Bf4 Re6 24.Bg5 Bc6 25.b4 Qxb4 26.Bxc6 Rexc6 27.Qd8+ Ne8 28.Nd5 Rxd8 29.Nxb4 Rxd1
30.Nxc6 Rxf1+ 31.Kxf1 Nd6 32.Be7 Ne4 33.Ke2 Bf8 34.Bd8 Nc3+ 35.Kd2 Nxa2 36.Bb6 Bd6
37.g4 f5 38.gxf5 gxf5 39.Nd8 Nb4 40.Nb7 Be7 41.Bxc5 Bxc5 42.Nxc5 a5 43.Ke3 Kf7
44.Kf4 Kg6 45.h4 Nc6 46.h5+ Kxh5 47.Kxf5 Kh4 48.Kf4 h5 49.Na4 Kh3 50.Nc3 h4
51.Kf3 Ne5+  0-1

[Event "European Senior Teams 2012"]
[Site "Rogaska Slatina SLO"]
[Date "2012.03.28"]
[Round "2.7"]
[White "Isserman,R"]
[Black "Weinwurm,W"]
[Result "1-0"]
[WhiteElo "2309"]
[BlackElo "2172"]

1.Nf3 Nf6 2.g3 g6 3.Bg2 Bg7 4.c4 O-O 5.O-O d6 6.Nc3 Nc6 7.d3 e5 8.Rb1 a5
9.a3 h6 10.b4 axb4 11.axb4 Be6 12.b5 Ne7 13.Bb2 Qd7 14.Re1 Bh3 15.Bh1 Ng4
16.d4 c6 17.dxe5 Nxe5 18.Ne4 Rad8 19.Nxe5 dxe5 20.Qxd7 Bxd7 21.Ba3 Rde8 22.Nd6 Ra8
23.Bc5 Rfb8 24.Nxb7 Rxb7 25.Bxe7 Rc8 26.Rbd1 Be8 27.Bd8 Rd7 28.Rxd7 Bxd7
29.Rd1 Be6 30.bxc6 Bxc4 31.c7 Bxe2 32.Re1  1-0

[Event "13th EICC"]
[Site "Plovdiv BUL"]
[Date "2012.03.29"]
[Round "9.31"]
[White "Ruck,R1"]
[Black "Bartel,Mat"]
[Result "1/2-1/2"]
[WhiteElo "2579"]
[BlackElo "2665"]

1.Nf3 Nf6 2.c4 g6 3.g3 Bg7 4.Bg2 O-O 5.d4 d6 6.O-O Nc6 7.Nc3 Bg4 8.Be3 Qd7
9.Qd2 Bxf3 10.Bxf3 Ng4 11.Bxg4 Qxg4 12.f3 Qd7 13.d5 Ne5 14.b3 h5 15.Bh6 h4
16.Bxg7 Kxg7 17.g4 h3 18.Kh1 c5 19.Rg1 Rh8 20.Rg3 Rh4 21.Rag1 Rah8 22.Ne4 b5
23.Nf2 f6 24.f4 Nf7 25.Ne4 bxc4 26.bxc4 Rb8 27.Qc3 Kf8 28.Rxh3 Rxh3 29.Qxh3 Qa4
30.Qd3 Qxa2 31.Nc3 Qa3 32.Nb5 Qa5 33.Qxg6 Qd2 34.Nc7 Qxe2 35.Ne6+ Ke8 36.Qg8+ Kd7
37.Qxb8 Qf3+ 38.Rg2 Qf1+ 39.Rg1 Qf3+ 40.Rg2 Qf1+  1/2-1/2

[Event "13th EICC"]
[Site "Plovdiv BUL"]
[Date "2012.03.29"]
[Round "9.55"]
[White "Markowski,T"]
[Black "Benidze,D"]
[Result "1-0"]
[WhiteElo "2612"]
[BlackElo "2530"]

1.Nf3 Nf6 2.c4 g6 3.g3 Bg7 4.Bg2 O-O 5.O-O d6 6.Nc3 Nc6 7.d4 a6 8.Bf4 Rb8
9.Rc1 b5 10.Nd5 bxc4 11.Nxf6+ Bxf6 12.Rxc4 Rb6 13.Qd2 e5 14.dxe5 Nxe5 15.Rb4 Rxb4
16.Qxb4 c5 17.Qd2 Bb7 18.Nxe5 dxe5 19.Bxb7 exf4 20.Qxf4 Qb6 21.b3 Qxb7 22.Qxf6 Qb5
23.e3 c4 24.bxc4 Qxc4 25.a3 Qd3 26.h4 Rc8 27.a4 h5 28.Qa1 Rd8 29.Rc1 Qf5
30.Rd1 Rb8 31.Qd4 Qf3 32.Qd5 Qg4 33.Rd4 Qh3 34.Qa2 Rc8 35.Qd2 Qf5 36.Qd3 Qxd3
37.Rxd3 Rc1+ 38.Kg2 Ra1 39.Rd4 Ra2 40.Kf3 Kg7 41.Rf4 Kf8 42.g4 hxg4+ 43.Kxg4 Kg7
44.h5 gxh5+ 45.Kxh5 f6 46.Kg4 Kg6 47.Kf3 Kg7 48.Rc4 Kf7 49.Kg3 a5 50.f3 Ke6
51.Kf4 Ra3 52.e4 Ke7 53.Rc7+ Kf8 54.Rc6 Kg7 55.Rc4 Kg6 56.Rd4 Kg7 57.Kg4 Kg6
58.Rc4 Ra1 59.Kg3 Ra2 60.f4 Ra3+ 61.Kh4 Ra1 62.Rd4 Rh1+ 63.Kg4 Ra1 64.Rd6 Kg7
65.Rd7+ Kf8 66.Rd4 Ke7 67.Rc4 Ke6 68.Rc6+ Ke7 69.Kf5 Rxa4 70.Re6+ Kd8 71.Kxf6  1-0

[Event "European Senior Teams 2012"]
[Site "Rogaska Slatina SLO"]
[Date "2012.03.29"]
[Round "3.13"]
[White "Mira,H"]
[Black "Nickl,K"]
[Result "0-1"]
[WhiteElo "2083"]
[BlackElo "2162"]

1.Nf3 Nf6 2.c4 g6 3.g3 Bg7 4.Bg2 O-O 5.O-O d6 6.d4 Nc6 7.Nc3 a6 8.h3 Bd7
9.e4 e5 10.d5 Nd4 11.Nxd4 exd4 12.Ne2 c5 13.dxc6 Bxc6 14.Nxd4 Bxe4 15.Be3 Bxg2
16.Kxg2 d5 17.c5 Nd7 18.b4 Ne5 19.Rb1 Nc4 20.Bf4 Re8 21.Qd3 Re4 22.Nf3 h6
23.Rfd1 Nb2 24.Qxd5 Nxd1 25.Qxe4 Nc3 26.Qc2 Nxb1 27.Qxb1 Qd5 28.a4 Re8 29.Qc2 Re4
30.b5 axb5 31.axb5 Rc4  0-1

[Event "28th Budapest Spring Festival"]
[Site "Budapest HUN"]
[Date "2012.03.31"]
[Round "6.2"]
[White "Varga,Kl"]
[Black "Csonka,B"]
[Result "1/2-1/2"]
[WhiteElo "2181"]
[BlackElo "2299"]

1.c4 Nf6 2.Nf3 g6 3.g3 Bg7 4.Bg2 O-O 5.O-O d5 6.cxd5 Nxd5 7.d4 Nb6 8.e3 Nc6
9.Bd2 Re8 10.Bc3 Nd5 11.Be1 Nb6 12.Bc3 Nd5 13.Be1 Nb6  1/2-1/2

[Event "13th EICC"]
[Site "Plovdiv BUL"]
[Date "2012.03.31"]
[Round "11.156"]
[White "Scekic,V"]
[Black "Safronov,Kirill"]
[Result "1/2-1/2"]
[WhiteElo "2186"]
[BlackElo "2017"]

1.Nf3 Nf6 2.c4 g6 3.g3 Bg7 4.Bg2 O-O 5.O-O d6 6.Nc3 e5 7.d3 Nbd7 8.Rb1 a5
9.a3 Nc5 10.b4 axb4 11.axb4 Ne6 12.e3 Re8 13.Kh1 Nf8 14.Qb3 h6 15.Nd2 Bf5
16.Nce4 Nxe4 17.dxe4 Be6 18.f4 Qc8 19.Qc2 Bh3 20.f5 Bxg2+ 21.Kxg2 g5 22.Bb2 Nd7
23.Ra1 Nf6 24.Rfe1 b6 25.h3 Qb7 26.Kf3 Rxa1 27.Rxa1 c6 28.Rc1 Qd7 29.g4 Qb7
30.Ba1 Ra8 31.c5 bxc5 32.bxc5 d5 33.Bxe5 dxe4+ 34.Nxe4 Nxe4 35.Bxg7 Kxg7
36.Qxe4 Qb2 37.Qd4+ Qxd4 38.exd4 Ra3+ 39.Ke2 Kf8 40.d5 cxd5 41.c6 Ra8 42.f6 Ke8
43.Rc5 d4 44.Kd3 Kd8 45.Kxd4 Kc7 46.Re5 Ra4+  1/2-1/2

[Event "13th EICC"]
[Site "Plovdiv BUL"]
[Date "2012.03.31"]
[Round "11.31"]
[White "Kuljasevic,D"]
[Black "Cheparinov,I"]
[Result "1/2-1/2"]
[WhiteElo "2580"]
[BlackElo "2664"]

1.Nf3 Nf6 2.c4 g6 3.g3 Bg7 4.Bg2 O-O 5.O-O d6 6.d4 Nc6 7.Nc3 a6 8.Bf4 Rb8
9.Rc1 b5 10.cxb5 axb5 11.e4 Bg4 12.h3 Bxf3 13.Bxf3 e5 14.dxe5 Nxe5 15.Bxe5 dxe5
16.Nd5 Nxd5 17.Qxd5 Qxd5 18.exd5 Rfc8 19.Be2 Bf8 20.b3 b4 21.Ba6 Rd8 22.Rxc7 Ra8
23.Bb5 Rxa2 24.Rfc1 Rd2 25.Bc4 Bd6 26.Rc6 Ra2 27.Bb5 Kg7 28.Ra6 Rd2 29.Ra7 e4
30.Rb7 Be5 31.Re1 Bd4 32.Re2 e3 33.fxe3 Rxe2 34.Bxe2 Bxe3+ 35.Kg2 Rxd5 36.Kf3 Bd2
37.Rxf7+ Kxf7 38.Bc4 Kf6 39.Bxd5 h5 40.g4 h4 41.Ke4  1/2-1/2

[Event "Semana Santa LAB Open"]
[Site "Bogota COL"]
[Date "2012.04.04"]
[Round "1"]
[White "Nunez V,D"]
[Black "Arenas,D"]
[Result "1-0"]
[WhiteElo "2220"]
[BlackElo "2423"]

1.Nf3 Nf6 2.c4 g6 3.g3 Bg7 4.Bg2 O-O 5.O-O d6 6.Nc3 Nc6 7.d4 a6 8.e4 Bg4
9.h3 Bxf3 10.Bxf3 Nd7 11.Be3 Na5 12.Be2 c5 13.Rc1 Nc6 14.d5 Nd4 15.f4 Rb8
16.Bd3 Qa5 17.Rf2 b5 18.b3 Nb6 19.Ne2 b4 20.Bb1 Nxe2+ 21.Qxe2 Nd7 22.h4 Rbe8
23.h5 e6 24.hxg6 fxg6 25.dxe6 Rxe6 26.e5 dxe5 27.f5 Rd6 28.Rcf1 Qd8 29.Qg4 Nf6
30.Qh4 Nd7 31.Bg5 Qe8 32.f6 Nxf6 33.Bxf6 Bxf6 34.Rxf6 Rfxf6 35.Rxf6 Rd1+
36.Rf1 Qd7 37.Qf6 Qd4+ 38.Kg2 Rxf1 39.Qxf1 e4 40.Qe2 e3 41.Bd3 g5 42.Qc2 Kg7
43.Be2 Qf6 44.Bf3 Qa1 45.Qe2 Qd4 46.Qd1 Kf6 47.Qxd4+ cxd4 48.Kf1 Kf5 49.Ke2 g4
50.Bb7 a5 51.Kd3 Ke5 52.Bg2 Kd6 53.Bf1 Ke5 54.Be2 h5 55.Bf1 h4 56.gxh4 Kf4
57.c5  1-0

[Event "Cebanenco Mem IM 2012"]
[Site "Kishinev MDA"]
[Date "2012.04.05"]
[Round "4"]
[White "Baltag,I"]
[Black "Golub,D"]
[Result "1/2-1/2"]
[WhiteElo "2420"]
[BlackElo "2250"]

1.Nf3 Nf6 2.c4 g6 3.g3 Bg7 4.Bg2 O-O 5.O-O d6 6.d4 Nc6 7.Nc3 a6 8.b3 Rb8
9.Nd5 Bd7 10.Bb2 b5 11.Nxf6+ Bxf6 12.Rc1 bxc4 13.Rxc4 Na5 14.Rc2 Bf5 15.Rd2 c5
16.Bc3 c4 17.b4 Nb7 18.Ne5 Qb6 19.Nc6 Rbc8 20.e4 Qxc6 21.exf5 d5 22.fxg6 hxg6
23.a4 Nd6 24.Re1 Kg7  1/2-1/2

[Event "Semana Santa LAB Open"]
[Site "Bogota COL"]
[Date "2012.04.07"]
[Round "7"]
[White "Castrillon Gomez,M"]
[Black "Pinzon,Ja"]
[Result "1/2-1/2"]
[WhiteElo "2185"]
[BlackElo "2210"]

1.Nf3 Nf6 2.g3 g6 3.Bg2 Bg7 4.c4 O-O 5.Nc3 d6 6.Rb1 e5 7.d3 Nc6 8.O-O Bf5
9.b4 Qd7 10.Re1 a5 11.b5 Nd8 12.Nd2 Bh3 13.Bh1 Ng4 14.Nde4 h6 15.f3 f5 16.fxg4 fxe4
17.Bxe4 Bxg4 18.Be3 Kh7 19.Rf1 Bf5 20.Bg2 Rb8 21.Qd2 Ne6 22.Rf2 Nd4 23.Ne4 Bxe4
24.Bxe4 Rxf2 25.Bxf2 b6 26.Bxd4 exd4 27.Rf1 Rf8 28.Rxf8 Bxf8 29.Qf4 Bg7 30.Qf3 Qd8  1/2-1/2

[Event "6th Philadelphia Open"]
[Site "Philadelphia USA"]
[Date "2012.04.08"]
[Round "8.13"]
[White "Ippolito,D"]
[Black "Yanayt,E"]
[Result "1/2-1/2"]
[WhiteElo "2452"]
[BlackElo "2245"]

1.Nf3 Nf6 2.c4 g6 3.g3 Bg7 4.Bg2 O-O 5.O-O d6 6.d4 Nc6 7.Nc3 a6 8.h3 Rb8
9.e4 Nd7 10.Bg5 h6 11.Be3 e6 12.Rc1 b5 13.cxb5 axb5 14.Qd2 Kh7 15.Nxb5 Ba6
16.a4 Bxb5 17.axb5 Na7 18.Qa5 Nxb5 19.Rfd1 c5 20.Qxd8 Rfxd8 21.dxc5 dxc5
22.Rd2 Nd4 23.Nxd4 cxd4 24.Bxd4 Nf8 25.e5 g5 26.Kf1 Kg8 27.Be4 f5 28.Bg2 Ng6
29.Re1 Rb4 30.Red1 Bxe5 31.Bxe5 Rxd2 32.Rxd2 Nxe5 33.Re2 Nd3 34.Rxe6 Rxb2
35.Rxh6 Kg7 36.Rd6 Nxf2  1/2-1/2

[Event "Karposh Open 2012"]
[Site "Skopje MKD"]
[Date "2012.04.09"]
[Round "4.33"]
[White "Glavinac,G"]
[Black "Nestorovic,L"]
[Result "1/2-1/2"]
[WhiteElo "2201"]
[BlackElo "2374"]

1.Nf3 Nf6 2.c4 g6 3.g3 Bg7 4.Bg2 O-O 5.O-O d6 6.d4 Nbd7 7.Nc3 c6 8.e4 e5
9.h3 Qa5 10.Re1 Re8 11.Rb1 exd4 12.Nxd4 Ne5 13.Bf1 Be6 14.Nxe6 Rxe6 15.Be3 Nxe4
16.b4 Nxc3 17.bxa5 Nxd1 18.Rexd1 b6 19.axb6 axb6 20.Rxb6 Rxa2 21.Rb8+ Bf8
22.Bh6 Nd7 23.Rc8 Rb2 24.Bxf8 Nxf8 25.Rxc6 Rf6 26.f4 Ne6 27.Rcxd6 Rc2 28.R1d2 Rc1
29.Rd1 Rc3 30.Bd3 Kg7 31.Rd5 Nc7 32.Rd4 Ne6 33.Rd5 Nc7 34.Rd4 Ne6  1/2-1/2

[Event "Karposh Open 2012"]
[Site "Skopje MKD"]
[Date "2012.04.13"]
[Round "8.28"]
[White "Vachev,V"]
[Black "Nestorovic,L"]
[Result "1/2-1/2"]
[WhiteElo "2152"]
[BlackElo "2374"]

1.Nf3 Nf6 2.c4 g6 3.g3 Bg7 4.Bg2 O-O 5.O-O d6 6.d4 c6 7.Nc3 Nbd7 8.e4 e5
9.h3 Qa5 10.Re1 Re8 11.Rb1 exd4 12.Nxd4 Ne5 13.Bf1 Be6 14.Nxe6 Rxe6 15.Bd2 Qc7
16.f4 Ned7 17.b4 Rae8 18.Bg2 a6 19.Qb3 h5 20.Rbc1 Qc8 21.a3 Kh7 22.Rcd1 Bh6
23.Bf1 Rg8 24.h4 Ng4 25.Bh3 Ndf6 26.Re2 Rge8 27.Rde1 R6e7 28.Qc2  1/2-1/2

[Event "TCh-HUN 2011-12"]
[Site "Budapest HUN"]
[Date "2012.04.16"]
[Round "8"]
[White "Banusz,T"]
[Black "Popovics,A"]
[Result "0-1"]
[WhiteElo "2552"]
[BlackElo "2399"]

1.Nf3 Nf6 2.c4 g6 3.g3 Bg7 4.Bg2 O-O 5.O-O d6 6.d4 Nbd7 7.Nc3 e5 8.h3 Re8
9.e4 exd4 10.Nxd4 a6 11.Be3 Ne5 12.b3 Bd7 13.f4 Nc6 14.Qd2 Nxd4 15.Bxd4 c5
16.Bf2 Bc6 17.Rfe1 Nxe4 18.Bxe4 Bxe4 19.Rac1 Bc6 20.Nd5 Qd7 21.Kh2 Rxe1 22.Rxe1 Re8
23.Rd1 Re4 24.Qd3 Qe6 25.Nc7 Qf5 26.Nd5 h5 27.Rd2 Qe6 28.Nc7 Qf5 29.Nd5 Bxd5
30.Qxd5 Qxd5 31.Rxd5 Bf8 32.Kg1 Re2 33.a4 Be7 34.Kg2 f5 35.Kf3 Rc2 36.Be1 Kf7
37.Bd2 Ke6 38.Rd3 Bf6 39.g4 Bd4 40.Be3 h4 41.gxf5+ gxf5 42.Bxd4 cxd4 43.Rxd4 Rh2
44.b4 Rxh3+ 45.Kg2 Re3 46.c5 d5 47.Rd2 Re4 48.Rb2 Rxf4 49.b5 Rxa4 50.c6 bxc6
51.b6 Rg4+ 52.Kf3 Rg8  0-1

[Event "14th Dubai Open 2012"]
[Site "Dubai UAE"]
[Date "2012.04.17"]
[Round "3.2"]
[White "Akopian,Vl"]
[Black "Grigoryan,K2"]
[Result "1/2-1/2"]
[WhiteElo "2684"]
[BlackElo "2510"]

1.Nf3 Nf6 2.c4 g6 3.g3 Bg7 4.Bg2 O-O 5.O-O d6 6.Nc3 Nc6 7.d4 a6 8.b3 Rb8
9.Nd5 Nh5 10.Bb2 e6 11.Ne3 f5 12.Qd2 Ne7 13.Rac1 b5 14.c5 Nf6 15.cxd6 cxd6
16.d5 Ne4 17.Qc2 e5 18.Ne1 Nf6 19.Nd3 Bb7 20.Nb4 Rc8 21.Nc6 Qd7 22.Nxe7+ Qxe7
23.Qd2 Rxc1 24.Rxc1 f4 25.Nd1 Bh6 26.e3 fxe3 27.Nxe3 Ng4 28.f4 Nxe3 29.Qxe3 Qf7
30.Qb6 Bxd5 31.Qxd6 Qa7+ 32.Kh1 Bxg2+ 33.Kxg2 exf4 34.gxf4 Bxf4 35.Qd5+ Qf7
36.Qd4 Be5 37.Qxe5 Qf3+ 38.Kg1 Qf2+  1/2-1/2

[Event "14th Dubai Open 2012"]
[Site "Dubai UAE"]
[Date "2012.04.23"]
[Round "9.19"]
[White "Pantsulaia,L"]
[Black "Narayanan,Sri"]
[Result "1/2-1/2"]
[WhiteElo "2595"]
[BlackElo "2378"]

1.Nf3 Nf6 2.g3 g6 3.Bg2 Bg7 4.c4 O-O 5.O-O d5 6.cxd5 Nxd5 7.d4 Nb6 8.Nc3 Nc6
9.e3 Re8 10.Re1 a5 11.Qe2 Be6 12.Nd2 Nb4 13.Rd1 c6 14.a3 N4d5 15.Nce4 Bf5
16.Nc5 e5 17.dxe5 Qe7 18.Nd3 Bxd3 19.Qxd3 Qxe5 20.Nf3 Qe4 21.Qxe4 Rxe4 22.Rb1 Re7
23.Nd2 a4 24.Ne4 Ra5 25.Nc3 h5 26.Nxd5 Nxd5 27.Bd2 Rb5 28.e4 Nc7 29.b4 axb3
30.a4 Rc5 31.Bb4 Na6 32.Ba3 b2 33.Bf1 Rce5 34.f3 c5 35.Bc4 Rc7 36.Rd6 Kh7
37.Bxb2 Ree7 38.Bxg7 Kxg7 39.Rb5 Nb4 40.Kf2 Nc2 41.Rb3 Nb4 42.Rb2 Nc6 43.Bd5 Nb4
44.Bc4 Nc6 45.Rc2 Nb4 46.Rcd2 Nc6 47.h3 Ne5 48.Rc2 Nxc4 49.Rxc4 Re8 50.Ke3 Ra8
51.e5 Ra5 52.Rb6 Rd7 53.Ke4 Kg8 54.f4 Rd1 55.Rxb7 Ra1 56.e6 Re1+ 57.Kd5 Rxe6
58.Rb5 Raa6 59.Kxc5 Rec6+ 60.Kd5 Rxc4 61.Kxc4 Rxa4+ 62.Rb4 Ra3 63.Rb3  1/2-1/2

[Event "3rd LUC Open"]
[Site "Lille FRA"]
[Date "2012.04.25"]
[Round "3.53"]
[White "Nouali,Djouher"]
[Black "Hartmann,D"]
[Result "1-0"]
[WhiteElo "1741"]
[BlackElo "1962"]

1.c4 Nf6 2.g3 g6 3.Bg2 Bg7 4.Nf3 O-O 5.Nc3 d6 6.O-O c6 7.d3 a6 8.a4 c5 9.Bd2 Nc6
10.Rb1 Bd7 11.Na2 b5 12.b4 bxc4 13.dxc4 cxb4 14.Nxb4 Nxb4 15.Rxb4 Rb8 16.Nd4 Qc7
17.Qc2 Rxb4 18.Bxb4 Rb8 19.Ba3 Ng4 20.Rd1 Ne5 21.c5 dxc5 22.Qxc5 Qxc5 23.Bxc5 Bxa4
24.Ra1 Bb5 25.Bxe7 Bc4 26.Re1 Re8 27.Bb4 Ng4 28.e3 Bf8 29.Ba5 Rb8 30.h3 Ne5
31.Rc1 Ba3 32.Bc7 Rc8 33.Ra1 Bb2 34.Rb1 Nd3 35.Ba5 Ba2 36.Rd1 Nc1 37.Nc6 Ba3
38.Rxc1  1-0

[Event "TCh-AUT 2 Mitte 2011-12"]
[Site "Fuerstenfeld AUT"]
[Date "2012.04.29"]
[Round "11"]
[White "Radnetter,G"]
[Black "Sandner,W"]
[Result "1/2-1/2"]
[WhiteElo "2269"]
[BlackElo "2238"]

1.Nf3 Nf6 2.c4 g6 3.g3 Bg7 4.Bg2 O-O 5.O-O d6 6.d4 Nc6 7.Nc3 a6 8.h3 Rb8
9.e4 Nd7 10.Be3 e5 11.Rc1 h6 12.b3 Ne7 13.dxe5 dxe5 14.Qd2 Kh7 15.Rfd1 Qe8
16.Nd5 Qd8 17.Qc2 Ng8 18.h4 c6 19.Nb6 Qe7 20.Nxc8 Rfxc8 21.Bh3 Rd8 22.Rd2 Nc5
23.Rcd1 Rxd2 24.Rxd2 Nf6 25.Bxc5 Qxc5 26.Ne1 Bf8 27.Bg2 Qa5 28.Nd3 Rd8 29.b4 Qc7
30.Rd1 Rd4 31.Re1 Ng4 32.Bf3 h5 33.a3 Qd8 34.Bxg4 Rxd3 35.Rd1 Rd4  1/2-1/2